The hungry years (Record no. 82746)
[ view plain ]
| 000 -LEADER | |
|---|---|
| fixed length control field | 01005cab a22001935a 4500 |
| 001 - CONTROL NUMBER | |
| control field | L151276 |
| 008 - FIXED-LENGTH DATA ELEMENTS--GENERAL INFORMATION | |
| fixed length control field | 101013e2010 xxk 000 0 eng d |
| 035 ## - SYSTEM CONTROL NUMBER | |
| System control number | (Sirsi) u151276 |
| 041 0# - LANGUAGE CODE | |
| Language code of text/sound track or separate title | eng |
| 100 1# - MAIN ENTRY--PERSONAL NAME | |
| Personal name | McMeeken, Roxane |
| 245 04 - TITLE STATEMENT | |
| Title | The hungry years |
| Remainder of title | the year's tables of the UK biggest consultants show that many of them have too many mouths to feed, which means they will face painful choices in the next 12 months |
| 260 ## - PUBLICATION, DISTRIBUTION, ETC. | |
| Date of publication, distribution, etc. | 2010 |
| 490 ## - SERIES STATEMENT | |
| Series statement | Building |
| Volume/sequential designation | 275 (8649) 8 October 2010, 34-59(26) |
| 520 ## - SUMMARY, ETC. | |
| Summary, etc. | Tables of the top 250 consultants in 2010; top 100 fee earners; top 100 surveyors; top 100 engineers; top 100 architects; top 50 project managers; top 100 financial performers; and top 100 fastest growing companies; main tables include breakdown of UK and worldwide staff; analysis; comparison of 2009 and 2010 results; predictions for 2011 from five top executives. |
| 590 ## - LOCAL NOTE (RLIN) | |
| Local note | KA |
| 651 #4 - SUBJECT ADDED ENTRY--GEOGRAPHIC NAME | |
| Geographic name | United Kingdom |
| Chronological subdivision | |
| 690 ## - LOCAL SUBJECT ADDED ENTRY--TOPICAL TERM (OCLC, RLIN) | |
| Topical term or geographic name as entry element | BUILT ENVIRONMENT-CONSTRUCTION MARKET |
| 942 ## - ADDED ENTRY ELEMENTS (KOHA) | |
| Suppress in OPAC | 0 |
| Withdrawn status | Lost status | Source of classification or shelving scheme | Damaged status | Not for loan | Home library | Current library | Shelving location | Date acquired | Total Checkouts | Full call number | Barcode | Date last seen | Copy number | Price effective from | Koha item type |
|---|---|---|---|---|---|---|---|---|---|---|---|---|---|---|---|
| Dewey Decimal Classification | London | London | Journal article | 13/10/2010 | L151276 | 151276-1001 | 06/08/2019 | 1 | 06/08/2019 | Journal article |